| 000 | 00977nam a2200313 a 4500 | ||
|---|---|---|---|
| 003 | AR-BaBNM | ||
| 005 | 20251128203705.0 | ||
| 008 | 082120s2002 ||||||||||||||000 | spa|| | ||
| 020 | _a950-9658-10-3 | ||
| 040 | _cAR-BaBNM | ||
| 100 | 1 | _aVieytes de Iglesias, Martha | |
| 245 | 0 | 0 |
_aExperiencias de lectoescritura en el nivel inicial _n1 |
| 260 |
_aBuenos Aires _bActilibro _c1989 |
||
| 300 |
_a176 p. _bil., diagr. |
||
| 500 | _aContiene referencias bibliográficas en notas a pie de página | ||
| 600 | 1 | 4 | _aFerreiro, Emilia |
| 600 | 1 | 4 | _aTeberosky, Ana |
| 650 | 4 | _aENSEÑANZA DE LA LECTURA | |
| 650 | 4 | _aENSEÑANZA DE LA ESCRITURA | |
| 653 | _aCONSTRUCTIVISMO | ||
| 653 | _aEDUCACION INICIAL | ||
| 653 | _aLECTOESCRITURA | ||
| 653 | _aJARDINES DE INFANTES | ||
| 653 | _aPROCESO DE ENSEÑANZA-APRENDIZAJE | ||
| 700 | 1 | _aLópez Blasig de Jaimes, Susana Graciela | |
| 700 | 1 |
_aCasullo de Mas Vélez, Marta N. _eprologuista |
|
| 942 | _cBK | ||
| 998 | _cSILVI | ||
| 999 |
_c4501 _d4501 |
||